000 00453cam a2200169ua 4500
003 OSt
005 20260113162341.0
008 260113b |||||||| |||| 00| 0 eng d
041 _aeng
082 _a697.9315
_bARO/RE
100 _aArora, Subhash C .
_97108
245 _aRefrigeration and psychometry : Tables and charts /
250 _a1 /
260 _aNew Delhi :
_bDhanpat Rai Publishing Co. Pvt. Ltd. ,
_c1997.
300 _a48 ; .
942 _cBK
999 _c135
_d135